| 000 | 00388nam a2200133Ia 4500 | ||
|---|---|---|---|
| 008 | 220217s9999||||xx |||||||||||||| ||und|| | ||
| 020 | _a978-81-8371-089-3 | ||
| 082 | _a005.74 PRI | ||
| 100 | _aPriyadharsini, R and Shalini, A.C | ||
| 245 | 0 | _aDatabase management system | |
| 260 |
_aScitech publications _bNew Delhi _c2007 |
||
| 300 | _b180 | ||
| 650 |
_aDATA FILES & DATABASE _9695 |
||
| 999 |
_c176247 _d176247 |
||